|
|
|
|
| LEADER |
00803nab a2200181 i 4500 |
| 001 |
acta13401 |
| 005 |
20210531154318.0 |
| 008 |
161015s1932 hu o 0|| ger d |
| 022 |
|
|
|a 0324-5462
|
| 040 |
|
|
|a SZTE Egyetemi Kiadványok Repozitórium
|b hun
|
| 041 |
|
|
|a ger
|
| 100 |
1 |
|
|a Kürschák József
|
| 245 |
1 |
0 |
|a Eine Ergänzung zur Abhandlung von Herrn L. La Paz über Variationsprobleme, für welche die Extremalflächen Minimalflächen sind
|h [elektronikus dokumentum] /
|c Kürschák József
|
| 260 |
|
|
|c 1932
|
| 300 |
|
|
|a 246
|
| 490 |
0 |
|
|a Acta litterarum ac scientiarum Regiae Universitatis Hungaricae Francisco-Josephinae : Sectio scientiarum mathematicarum
|v 5
|
| 695 |
|
|
|a Természettudomány, Matematika, Művelődés
|
| 856 |
4 |
0 |
|u http://acta.bibl.u-szeged.hu/13401/1/math_005_246.pdf
|z Dokumentum-elérés
|